پر ا نے کپڑ و ں کا سو د ا گر (Record no. 147815)

MARC details
000 -LEADER
fixed length control field 00646nam a22001937a 4500
005 - DATE AND TIME OF LATEST TRANSACTION
control field 20171204104801.0
010 ## - LCCN (DPL NO)
LC control number UR-9958
020 ## - INTERNATIONAL STANDARD BOOK NUMBER
Terms of availability 108.00
035 ## - SYSTEM CONTROL NUMBER
System control number U-8513
037 ## - SOURCE OF ACQUISITION
Source of stock number/acquisition DBAD/PUB
100 ## - MAIN ENTRY--PERSONAL NAME
Personal name عبدا لمتیں جا می
245 ## - TITLE STATEMENT
Title پر ا نے کپڑ و ں کا سو د ا گر
Statement of responsibility, etc عبدا لمتیں جا می
246 ## - VARYING FORM OF TITLE
Remainder of title Purane Kapron ka Sodagar
Title proper/short title by Abdul Mateen Jami
260 ## - PUBLICATION, DISTRIBUTION, ETC. (IMPRINT)
Place of publication, distribution, etc Delhi
Name of publisher, distributor, etc Educational Pub. House
Date of publication, distribution, etc 2006
270 ## - ADDRESS
Address 3191,Vakil Street,Kucha Pandit,Lal Kuan,
City Delhi
Postal code 110006
Telephone number 23216162
Fax number -
300 ## - PHYSICAL DESCRIPTION
Extent 160ص
Dimensions 22 Cm.(B.b)
500 ## - GENERAL NOTE
General note دو حصہ
942 ## - ADDED ENTRY ELEMENTS (KOHA)
Source of classification or shelving scheme Dewey Decimal Classification
Item type Urdu Bks
Classification part ک
Call number suffix ج ا م
Holdings
Withdrawn status Lost status Not for loan Collection code Home library Current library Date acquired Source of acquisition Cost, normal purchase price Full call number Barcode Copy number Cost, replacement price Koha item type
    Not For Loan Fiction D.B.Act.Division D.B.Act.Division 04/12/2017 DBAD/PUB. 160.00 ک ج ا م U-8513 1 160.00 Urdu Bks

© Delhi Public Library
Hit Counter
free hit counter